Countries With Less People Than New York City - Statistics

General Stats
  • This quiz has been taken 47 times
  • The average score is 74 of 94
Answer Stats
Population Country % Correct
496 Vatican City
98%
9,816 Tuvalu
95%
387,558 Iceland
93%
2,118,396 Slovenia
93%
66,510 Dominica
90%
39,598 Liechtenstein
90%
665,098 Luxembourg
90%
11,875 Nauru
90%
1,831,802 North Macedonia
90%
46,758 Saint Kitts & Nevis
90%
33,733 San Marino
90%
1,367,196 Estonia
88%
1,700,031 Kosovo
88%
532,956 Malta
88%
5,519,167 Norway
88%
2,943,393 Armenia
85%
399,440 Bahamas
85%
411,106 Belize
85%
458,949 Brunei
85%
1,344,976 Cyprus
85%
826,353 Guyana
85%
5,196,630 Ireland
85%
1,882,396 Latvia
85%
2,854,099 Lithuania
85%
5,172,836 New Zealand
85%
179,285 Saint Lucia
85%
101,323 Saint Vincent & the Grenadines
85%
216,663 Samoa
85%
6,773,201 Serbia
85%
800,005 Solomon Islands
85%
1,502,932 Trinidad & Tobago
85%
80,856 Andorra
83%
93,316 Antigua & Barbuda
83%
522,331 Cape Verde
83%
924,145 Fiji
83%
112,630 F.S. Micronesia
83%
3,807,492 Georgia
83%
38,827 Marshall Islands
83%
1,273,588 Mauritius
83%
38,956 Monaco
83%
17,727 Palau
83%
4,458,759 Panama
83%
230,871 São Tomé & Príncipe
83%
5,518,055 Slovakia
83%
282,336 Barbados
80%
3,896,023 Croatia
80%
5,948,136 Denmark
80%
1,152,944 Djibouti
80%
5,601,185 Finland
80%
2,311,472 Lesotho
80%
5,049,269 Oman
80%
127,951 Seychelles
80%
320,409 Vanuatu
80%
1,569,666 Bahrain
78%
786,385 Bhutan
78%
850,387 Comoros
78%
5,105,525 Costa Rica
78%
1,230,506 Eswatini
78%
117,081 Grenada
78%
2,839,786 Jamaica
78%
132,530 Kiribati
78%
633,552 Montenegro
78%
5,789,090 Singapore
78%
628,886 Suriname
78%
3,185,073 Bosnia & Herzegovina
76%
1,847,549 Equatorial Guinea
76%
2,697,845 Gambia
76%
2,153,339 Guinea-Bissau
76%
4,838,782 Kuwait
76%
525,994 Maldives
76%
3,067,070 Moldova
76%
2,979,082 Qatar
76%
104,597 Tonga
76%
1,384,286 East Timor
73%
2,811,655 Albania
71%
6,309,624 El Salvador
71%
3,470,390 Eritrea
71%
5,733,493 Lebanon
71%
6,823,613 Nicaragua
71%
6,795,803 Bulgaria
68%
5,022,441 Mauritania
68%
2,480,244 Botswana
66%
7,073,516 Kyrgyzstan
66%
5,493,031 Liberia
66%
2,963,095 Namibia
63%
7,664,993 Laos
61%
3,431,932 Mongolia
61%
6,844,146 Paraguay
61%
3,388,081 Uruguay
61%
2,484,789 Gabon
56%
7,364,438 Turkmenistan
54%
5,152,421 Central African Republic
51%
6,182,885 Republic of the Congo
49%
7,305,659 Libya
46%
No matching quizzes found
Score Distribution
Percent of People with Each Score
Percentile by Number Answered
Your Score History
You have not taken this quiz